| 000 | 00580nam a2200193Ia 4500 | ||
|---|---|---|---|
| 008 | 220216s9999 xx 000 0 und d | ||
| 100 | _aDey S.K. | ||
| 245 | 0 | _aEffect of some agro-climatic factors on the growth of rubber(Hevea brasiliensis) in a humid and a dry sub-humid location | |
| 260 |
_bIndian Journal of Natural Rubber Research _c1998 |
||
| 300 | _a104-109 | ||
| 650 | _aAgroclimate | ||
| 650 | _aGrowth | ||
| 700 | _aChandrashekar T.R. | ||
| 700 | _aJacob J.[a] | ||
| 700 | _aNair D.B. | ||
| 700 | _aSethuraj M.R. | ||
| 700 | _aVijayakumar K.R. | ||
| 942 | _cBS | ||
| 999 |
_c51529 _d51529 |
||